NBA Players With 50,000 Career Minutes - Statistics

General Stats
  • This quiz has been taken 519 times
  • The average score is 9 of 18
Answer Stats
Minutes Played Answer % Correct
17 50,026* LeBron James
94%
1 66,297 Kareem Abdul-Jabbar
80%
3 57,278 Kobe Bryant
79%
2 62,759 Karl Malone
68%
7 55,418 Wilt Chamberlain
66%
8 54,568* Dirk Nowitzki
62%
4 56,738 Tim Duncan
62%
18 50,016 Shaquille O'Neal
58%
9 54,162 John Stockton
49%
16 51,881 Robert Parish
48%
6 55,701 Kevin Garnett
42%
15 52,109 Paul Pierce
35%
5 56,199 Jason Kidd
29%
14 52,408 Ray Allen
27%
11 53,331 John Havlicek
26%
13 52,598 Gary Payton
19%
12 52,927 Reggie Miller
19%
10 54,160 Elvin Hayes
18%
No matching quizzes found
Score Distribution
Percent of People with Each Score
Percentile by Number Answered
Your Score History
You have not taken this quiz